Gögginger neue Häkelund Knüpfmuster : (Record no. 168547)
[ view plain ]
| 000 -LEADER | |
|---|---|
| campo de control de longitud fija | 00628nam a2200169 4500 |
| 001 - NÚMERO DE CONTROL | |
| campo de control | 168547 |
| 003 - IDENTIFICADOR DE NÚMERO DE CONTROL | |
| campo de control | ES-MaACL |
| 005 - FECHA Y HORA DE LA ÚLTIMA TRANSACCIÓN | |
| campo de control | 20230906213822.0 |
| 008 - DATOS DE LONGITUD FIJA--INFORMACIÓN GENERAL | |
| campo de control de longitud fija | 080421q1910 gw af |||| | ger d |
| 100 1# - ENTRADA PRINCIPAL--NOMBRE DE PERSONA | |
| Nombre de persona | Fischbach, Friedrich ( |
| Fechas asociadas al nombre | 1839-1908) |
| 9 (RLIN) | 50971 |
| 245 10 - MENCIÓN DEL TÍTULO | |
| Título | Gögginger neue Häkelund Knüpfmuster : |
| Resto del título | : 70 tafeln mit text und technische Anleitungen / |
| Mención de responsabilidad, etc. | herausgegeben von Friedrich Fischbach. |
| 260 ## - PUBLICACIÓN, DISTRIBUCIÓN, ETC. | |
| Lugar de publicación, distribución, etc. | Wiesbaden : |
| Nombre del editor, distribuidor, etc. | H. Heuss :, |
| Fecha de publicación, distribución, etc. | [ca. 1910] |
| 300 ## - DESCRIPCIÓN FÍSICA | |
| Extensión | 1 carpeta : |
| Otras características físicas | 46 p., 24 h. de lám. col. ; |
| Dimensiones | 24 cm. |
| 650 #4 - PUNTO DE ACCESO ADICIONAL DE MATERIA--TÉRMINO DE MATERIA | |
| Término de materia o nombre geográfico como elemento de entrada | Estampado textil. |
| 9 (RLIN) | 146964 |
| 650 #4 - PUNTO DE ACCESO ADICIONAL DE MATERIA--TÉRMINO DE MATERIA | |
| Término de materia o nombre geográfico como elemento de entrada | Tejidos- |
| Subdivisión general | Historia. |
| 9 (RLIN) | 146965 |
| 852 4# - LOCALIZACIÓN | |
| Ubicación | ES-MaACL |
| Número de control de estantería | G-385 |
| Estatus retirado | Estado de pérdida | Estado de daño | No para préstamo | Biblioteca de origen | Biblioteca actual | Ubicación en estantería | Fecha de adquisición | Total de préstamos | Signatura topográfica completa | Código de barras | Visto por última vez | Precio de reemplazo | Tipo de ítem Koha |
|---|---|---|---|---|---|---|---|---|---|---|---|---|---|
| Biblioteca del Ateneo de Madrid | Biblioteca del Ateneo de Madrid | Depósito 2 | 21/04/2008 | G-385 | 1176872 | 23/02/2023 | 23/02/2023 | Libro impreso |
